[Event "Ulaanbaatar MICA op"]
[Site "Ulaanbaatar"]
[Date "2023.11.03"]
[Round "9"]
[White "Bulgankhan, Ganzorig"]
[Black "Tuvsanaa, Nyamaa"]
[Result "1-0"]
[WhiteElo "2065"]
[BlackElo "2230"]
[PlyCount "41"]
[EventDate "2023.10.27"]
[EventType "swiss"]
[EventRounds "9"]
[EventCountry "MGL"]
[SourceTitle "CB48_2023"]
[SourceDate "2023.11.29"]
[SourceVersion "1"]
[SourceVersionDate "2023.11.29"]
[SourceQuality "1"]

1. Nf3 d5 2. c4 c6 3. b3 Nf6 4. Bb2 Bg4 5. e3 e6 6. Be2 Nbd7 7. 0-0 Be7 8. d4 0-0 9. Nbd2 a5 10. Ne5 Bxe2 11. Qxe2 Nxe5 12. dxe5 Nd7 13. cxd5 cxd5 14. Qb5 a4 15. Bd4 b6 16. b4 a3 17. Rac1 Ra7 18. f4 Qb8 19. Rc3 Rc8 20. Rfc1 Rac7 21. Qxd7 1-0

[Event "Daqing Boyi Cup-A"]
[Site "Daqing"]
[Date "2023.08.16"]
[Round "8"]
[White "Mungunzul, Bat Erdene"]
[Black "Bulgankhan, Ganzorig"]
[Result "0-1"]
[WhiteElo "2239"]
[BlackElo "2092"]
[PlyCount "95"]
[EventDate "2023.08.13"]
[EventType "swiss"]
[EventRounds "9"]
[EventCountry "CHN"]
[SourceTitle "EXT 2024"]
[Source "ChessBase"]
[SourceDate "2023.10.10"]
[SourceVersion "1"]
[SourceVersionDate "2023.10.10"]
[SourceQuality "1"]

1. d4 Nf6 2. c4 g6 3. Nc3 Bg7 4. e4 d6 5. f3 0-0 6. Be3 c6 7. Qd2 a6 8. a4 Qa5 9. Bd3 Nbd7 10. Nge2 c5 11. Nd5 Qxd2+ 12. Kxd2 Nxd5 13. cxd5 cxd4 14. Bxd4 Nc5 15. Bxc5 dxc5 16. Kc2 Bd7 17. Nc3 b6 18. Rhe1 Be5 19. g3 g5 20. Rf1 Rfc8 21. Bc4 Bh3 22. Rfd1 Bd7 23. Rf1 Kh8 24. d6 e6 25. f4 gxf4 26. gxf4 Bd4 27. Ne2 Bg7 28. e5 b5 29. Bd3 f6 30. Ng3 c4 31. Be4 Rab8 32. Nh5 f5 33. Bf3 bxa4 34. Rg1 Bh6 35. Ra3 Be8 36. Nf6 Bg6 37. Bh5 Bxf4 38. Re1 Rb3 39. Rxa4 Rcb8 40. Ra2 Rh3 41. Bxg6 Rxh2+ 42. Kc3 Bd2+ 43. Kxc4 Bxe1 44. Bf7 Rb4+ 45. Kd3 Rd2+ 46. Ke3 Rb3+ 47. Kf4 Rd4+ 48. Kg5 0-1

[Event "Daqing Boyi Cup-A"]
[Site "Daqing"]
[Date "2023.08.13"]
[Round "2"]
[White "Gu, Xianghan"]
[Black "Bulgankhan, Ganzorig"]
[Result "1/2-1/2"]
[WhiteElo "1989"]
[BlackElo "2092"]
[PlyCount "134"]
[EventDate "2023.08.13"]
[EventType "swiss"]
[EventRounds "9"]
[EventCountry "CHN"]
[SourceTitle "EXT 2024"]
[Source "ChessBase"]
[SourceDate "2023.10.10"]
[SourceVersion "1"]
[SourceVersionDate "2023.10.10"]
[SourceQuality "1"]

1. e4 c5 2. Nc3 Nc6 3. Bb5 Nd4 4. Bc4 g6 5. Nf3 Bg7 6. Nxd4 cxd4 7. Qf3 e6 8. Nb5 Be5 9. c3 a6 10. Nxd4 b5 11. Bb3 Bb7 12. Qe3 Nf6 13. Nf3 Bc7 14. Bc2 h6 15. Qe2 g5 16. d4 Qe7 17. h4 g4 18. Ne5 Rg8 19. Bxh6 d6 20. Nd3 Bxe4 21. f3 gxf3 22. gxf3 Bb7 23. Bg5 Bd8 24. a4 Qc7 25. Nf4 b4 26. cxb4 Nd5 27. Bb3 Rxg5 28. Nxe6 fxe6 29. Qxe6+ Qe7 30. Qxe7+ Bxe7 31. hxg5 Kd7 32. Rh7 Rf8 33. Kd2 Kd8 34. Rg1 Rxf3 35. Rh8+ Kd7 36. Bxd5 Bxd5 37. g6 Rf2+ 38. Kc1 Bf6 39. Rh7+ Ke8 40. Rg4 Bb3 41. Rh3 Bg8 42. b5 axb5 43. axb5 Rf5 44. d5 Rf1+ 45. Kc2 Rf2+ 46. Kd3 Rxb2 47. Kc4 Rc2+ 48. Kb4 Bxd5 49. g7 Rb2+ 50. Ka4 Bg8 51. Rf3 Ra2+ 52. Kb4 Rb2+ 53. Ka4 Ra2+ 54. Kb4 Rb2+ 55. Ka4 Ra2+ 56. Ra3 Rc2 57. b6 Kd7 58. Rf3 Ra2+ 59. Kb5 Rb2+ 60. Rb4 Rxb4+ 61. Kxb4 Bxg7 62. Rg3 Bd4 63. b7 Kc7 64. Rxg8 Kxb7 65. Kc4 Bc5 66. Kd5 Kc7 67. Rg7+ Kb6 1/2-1/2

[Event "Asian University"]
[Site "Tornelo INT"]
[Date "2021.09.11"]
[Round "6"]
[White "Bulgankhan, Ganzorig"]
[Black "Yeoh, Li Tian"]
[Result "0-1"]
[WhiteElo "2017"]
[BlackElo "2523"]
[PlyCount "90"]
[EventDate "2021.09.10"]
[EventType "swiss (rapid)"]
[EventRounds "9"]
[EventCountry "NET"]
[SourceTitle "CBM 204 Extra"]
[Source "ChessBase"]
[SourceDate "2021.11.30"]
[SourceVersion "1"]
[SourceVersionDate "2021.11.30"]
[SourceQuality "1"]

1. e4 c6 2. Nc3 d5 3. Nf3 g6 4. d4 Bg7 5. e5 Bg4 6. Be2 e6 7. 0-0 Nd7 8. h3 Bxf3 9. Bxf3 a6 10. Ne2 Ne7 11. c3 c5 12. Bf4 Rc8 13. Qd2 Qb6 14. b3 cxd4 15. cxd4 Nc6 16. Rfd1 Qb4 17. Qe3 0-0 18. h4 Ne7 19. g4 Rc2 20. Kg2 Qa3 21. Rh1 Rfc8 22. Bg5 Nc6 23. h5 Rxa2 24. Rxa2 Qxa2 25. hxg6 fxg6 26. Nf4 Nf8 27. Bf6 Nd8 28. Nxd5 exd5 29. Bxd5+ Nde6 30. Bxg7 Kxg7 31. Qh6+ Kf7 32. Qf4+ Kg8 33. Qf6 Re8 34. Rxh7 Kxh7 35. Qf7+ Ng7 36. Qg8+ Kh6 37. Qh8+ Nh7 38. g5+ Kxg5 39. Qxg7 Rf8 40. Qe7+ Kh6 41. Qh4+ Kg7 42. e6 Qe2 43. Bc4 Qd2 44. Kf1 Rf4 45. Qg3 Qd1+ 0-1

[Event "Asian University"]
[Site "Tornelo INT"]
[Date "2021.09.10"]
[Round "1"]
[White "Bulgankhan, Ganzorig"]
[Black "Javanbakht, Nima"]
[Result "0-1"]
[WhiteElo "2017"]
[BlackElo "2472"]
[PlyCount "68"]
[EventDate "2021.09.10"]
[EventType "swiss (rapid)"]
[EventRounds "9"]
[EventCountry "NET"]
[SourceTitle "CBM 204 Extra"]
[Source "ChessBase"]
[SourceDate "2021.11.30"]
[SourceVersion "1"]
[SourceVersionDate "2021.11.30"]
[SourceQuality "1"]

1. e4 c5 2. Nf3 Nc6 3. d4 cxd4 4. Nxd4 e5 5. Nb5 d6 6. N1c3 a6 7. Na3 Be6 8. Nd5 Nf6 9. Bg5 Bxd5 10. Bxf6 Qa5+ 11. c3 Bxe4 12. Nc4 Qc7 13. Bxg7 Nd4 14. cxd4 Bxg7 15. dxe5 0-0 16. Qxd6 Qc8 17. Rd1 Re8 18. Rd4 Bg6 19. f4 Bf8 20. Qd7 Bb4+ 21. Kd1 Qc5 22. a3 Qf8 23. Nd6 Red8 24. Qxb7 Bxd6 25. exd6 Rxd6 26. Rxd6 Qxd6+ 27. Ke1 Re8+ 28. Kf2 Qxf4+ 29. Qf3 Qd4+ 30. Kg3 Re3 31. Be2 Be4 32. Rd1 Qe5+ 33. Kf2 Bxf3 34. gxf3 Rxe2+ 0-1

[Event "Wch FIDE Online U18 Asia qual"]
[Site "Tornelo INT"]
[Date "2020.12.12"]
[Round "3"]
[White "Bulgankhan, Ganzorig"]
[Black "Subrota, Biswas"]
[Result "0-1"]
[WhiteElo "2017"]
[BlackElo "2265"]
[PlyCount "102"]
[EventDate "2020.12.11"]
[EventType "swiss (rapid)"]
[EventRounds "7"]
[EventCountry "ISS"]
[SourceTitle "EXT 2022"]
[Source "ChessBase"]
[SourceDate "2021.10.06"]
[SourceVersion "1"]
[SourceVersionDate "2021.10.06"]
[SourceQuality "1"]

1. e4 e6 2. d4 d5 3. Nc3 Nf6 4. e5 Nfd7 5. f4 c5 6. Nf3 Nc6 7. Be3 a6 8. Qd2 b5 9. Be2 Bb7 10. 0-0 Qc7 11. Kh1 h6 12. a3 0-0-0 13. dxc5 Bxc5 14. Nd4 g5 15. b4 Bxd4 16. Bxd4 gxf4 17. a4 Nxd4 18. Qxd4 Qxe5 19. Qxe5 Nxe5 20. axb5 axb5 21. Bxb5 d4 22. Ne2 f3 23. gxf3 Bxf3+ 24. Kg1 Rhg8+ 25. Ng3 h5 26. Ba6+ Kc7 27. Rae1 f6 28. Rxe5 fxe5 29. Rxf3 h4 30. Bd3 Kd6 31. Kg2 hxg3 32. hxg3 Kd5 33. Rf1 e4 34. Ba6 Rb8 35. b5 e3 36. Rf7 Rgf8 37. Bb7+ Ke5 38. Rxf8 Rxf8 39. Bf3 Rb8 40. Bc6 Rf8 41. Bf3 Kd6 42. b6 Kc5 43. b7 Kc4 44. g4 Kc3 45. g5 Kxc2 46. g6 d3 47. g7 Rg8 48. Kf1 Kd2 49. Kg2 Rxg7+ 50. Kh3 Rxb7 51. Bxb7 e2 0-1

[Event "Wch FIDE Online U18 Asia qual"]
[Site "Tornelo INT"]
[Date "2020.12.12"]
[Round "5"]
[White "Winkelman, Albert"]
[Black "Bulgankhan, Ganzorig"]
[Result "0-1"]
[WhiteElo "2294"]
[BlackElo "2017"]
[PlyCount "74"]
[EventDate "2020.12.11"]
[EventType "swiss (rapid)"]
[EventRounds "7"]
[EventCountry "ISS"]
[SourceTitle "EXT 2022"]
[Source "ChessBase"]
[SourceDate "2021.10.06"]
[SourceVersion "1"]
[SourceVersionDate "2021.10.06"]
[SourceQuality "1"]

1. Nc3 c5 2. g3 Nc6 3. Bg2 g6 4. d3 Bg7 5. Be3 d6 6. Qd2 a6 7. Nf3 e5 8. 0-0 Nge7 9. Bh6 0-0 10. Bxg7 Kxg7 11. e3 d5 12. d4 e4 13. Ne5 Nxe5 14. dxe5 Be6 15. f3 exf3 16. Bxf3 Qc7 17. e4 d4 18. Nd5 Bxd5 19. exd5 Qxe5 20. Rae1 Qd6 21. c3 Nf5 22. cxd4 Nxd4 23. Bg2 Rae8 24. b4 b6 25. a4 Kg8 26. Qf2 Rxe1 27. Rxe1 a5 28. bxa5 bxa5 29. Rb1 Rb8 30. Rf1 Rb7 31. Qd2 Rb4 32. Qe1 Kg7 33. Qe8 Rb7 34. Qa8 Qb6 35. d6 Rd7 36. Qe8 Qxd6 37. Bh3 Re7 0-1

[Event "Wch FIDE Online U18 Asia qual"]
[Site "Tornelo INT"]
[Date "2020.12.11"]
[Round "2"]
[White "Doshi, Moksh Amitbhai"]
[Black "Bulgankhan, Ganzorig"]
[Result "1-0"]
[WhiteElo "2332"]
[BlackElo "2017"]
[PlyCount "105"]
[EventDate "2020.12.11"]
[EventType "swiss (rapid)"]
[EventRounds "7"]
[EventCountry "ISS"]
[SourceTitle "EXT 2022"]
[Source "ChessBase"]
[SourceDate "2021.10.06"]
[SourceVersion "1"]
[SourceVersionDate "2021.10.06"]
[SourceQuality "1"]

1. d4 Nf6 2. c4 g6 3. g3 Bg7 4. Bg2 0-0 5. Nc3 c5 6. dxc5 Na6 7. Nh3 Nxc5 8. 0-0 d6 9. Nf4 Bd7 10. h3 Bc6 11. Nfd5 Nxd5 12. cxd5 Bd7 13. Be3 Rc8 14. Rc1 a5 15. Qd2 b5 16. Kh2 f5 17. Bd4 Bxd4 18. Qxd4 b4 19. Nb1 Bb5 20. Rfe1 Qe8 21. Nd2 Qf7 22. e4 f4 23. Nf3 Qg7 24. Qxg7+ Kxg7 25. Nd4 Bd7 26. e5 Nd3 27. Rxc8 Bxc8 28. Re2 Nxe5 29. Rc2 fxg3+ 30. Kxg3 g5 31. Rc7 Bd7 32. Ra7 a4 33. Rb7 a3 34. Rxb4 axb2 35. Rxb2 Rc8 36. Rb7 Rc3+ 37. Kh2 Rd3 38. Nc6 Bxc6 39. dxc6 Kf6 40. Rb3 Rd2 41. Rc3 Nxc6 42. Rxc6 Rxa2 43. Kg3 h5 44. Rc3 e6 45. Rf3+ Ke7 46. Re3 Ra5 47. Bf3 h4+ 48. Kg4 Kf6 49. Be4 Re5 50. Rf3+ Ke7 51. Bd3 d5 52. Re3 Re4+ 53. Bxe4 1-0

[Event "Eastern Asia-ch zt 3.3"]
[Site "Ulaanbaatar"]
[Date "2019.04.15"]
[Round "9"]
[White "Tran, Minh Thang"]
[Black "Bulgankhan, Ganzorig"]
[Result "1-0"]
[WhiteElo "2349"]
[BlackElo "1936"]
[PlyCount "101"]
[EventDate "2019.04.07"]
[EventType "swiss"]
[EventRounds "9"]
[EventCountry "MGL"]
[SourceTitle "CBM 189 Extra"]
[Source "ChessBase"]
[SourceDate "2019.06.03"]
[SourceVersion "1"]
[SourceVersionDate "2019.06.03"]
[SourceQuality "1"]

1. Nf3 c5 2. c4 g6 3. g3 Bg7 4. Bg2 Nc6 5. 0-0 Nf6 6. Nc3 0-0 7. d4 cxd4 8. Nxd4 Qa5 9. h3 Qc5 10. Ndb5 d6 11. Be3 Qh5 12. g4 Bxg4 13. hxg4 Nxg4 14. Bf4 Be5 15. Qd2 g5 16. Bxe5 Ncxe5 17. Rfd1 Nxc4 18. Qd4 Qh2+ 19. Kf1 Nce3+ 20. fxe3 Qg3 21. e4 f5 22. e5 dxe5 23. Rd3 Qh4 24. Qc5 b6 25. Bd5+ Kh8 26. Qg1 Rad8 27. Qg3 Qh5 28. Bf3 Rxd3 29. exd3 Nh2+ 30. Kg2 Nxf3 31. Qxf3 g4 32. Qg3 f4 33. Qh2 Qg6 34. Ne4 g3 35. Qh4 f3+ 36. Kf1 f2 37. Qxg3 Qh5 38. Nxf2 Qh1+ 39. Qg1 Qh3+ 40. Ke2 Qf3+ 41. Kd2 Qf4+ 42. Kc2 Qa4+ 43. b3 Qxb5 44. Ne4 Rc8+ 45. Kd2 Qb4+ 46. Ke2 Rc2+ 47. Kd1 Rc8 48. Rc1 Rg8 49. Qe3 Qa3 50. Ng5 Rf8 51. Qh3 1-0

[Event "Eastern Asia-ch zt 3.3"]
[Site "Ulaanbaatar"]
[Date "2019.04.12"]
[Round "6"]
[White "Bulgankhan, Ganzorig"]
[Black "Danzanjunai, Ganbat"]
[Result "1-0"]
[WhiteElo "1936"]
[BlackElo "1608"]
[PlyCount "73"]
[EventDate "2019.04.07"]
[EventType "swiss"]
[EventRounds "9"]
[EventCountry "MGL"]
[SourceTitle "CBM 189 Extra"]
[Source "ChessBase"]
[SourceDate "2019.06.03"]
[SourceVersion "1"]
[SourceVersionDate "2019.06.03"]
[SourceQuality "1"]

1. d4 Nf6 2. c4 g6 3. Nc3 Bg7 4. e4 d6 5. Nf3 0-0 6. Be2 e5 7. 0-0 Nc6 8. d5 Ne7 9. a4 Nd7 10. a5 f5 11. b4 Nf6 12. c5 fxe4 13. Ng5 dxc5 14. Bc4 Kh8 15. bxc5 h6 16. d6 hxg5 17. dxe7 Qxe7 18. c6 Qb4 19. Qe2 Bg4 20. Qa2 Qxc3 21. cxb7 Rab8 22. a6 Nd7 23. Bd2 Qd4 24. Be3 Qd6 25. Bxa7 e3 26. Bxb8 exf2+ 27. Kh1 e4 28. a7 Ne5 29. Be2 Bh3 30. Qa3 Qd5 31. Qxh3+ Kg8 32. a8Q Nc6 33. Qa2 Qxa2 34. Rxa2 Rxb8 35. Bc4+ Kf8 36. Raxf2+ Ke7 37. Qe6+ 1-0

[Event "Eastern Asia-ch zt 3.3"]
[Site "Ulaanbaatar"]
[Date "2019.04.11"]
[Round "5"]
[White "Priasmoro, Novendra"]
[Black "Bulgankhan, Ganzorig"]
[Result "1-0"]
[WhiteElo "2479"]
[BlackElo "1936"]
[PlyCount "61"]
[EventDate "2019.04.07"]
[EventType "swiss"]
[EventRounds "9"]
[EventCountry "MGL"]
[SourceTitle "CBM 189 Extra"]
[Source "ChessBase"]
[SourceDate "2019.06.03"]
[SourceVersion "1"]
[SourceVersionDate "2019.06.03"]
[SourceQuality "1"]

1. Nf3 c5 2. e4 e6 3. d4 cxd4 4. Nxd4 a6 5. Bd3 Qc7 6. 0-0 Nf6 7. Qe2 d6 8. Nc3 Be7 9. Bd2 Nbd7 10. Kh1 b5 11. Rae1 Bb7 12. f4 h5 13. b4 h4 14. a4 bxa4 15. Nxa4 h3 16. g3 0-0 17. c4 Rfe8 18. g4 e5 19. Nf5 Bf8 20. g5 Nh7 21. Qh5 g6 22. Nh6+ Bxh6 23. Qxh6 exf4 24. Rxf4 Ne5 25. Bc3 f5 26. gxf6 Qf7 27. Rg1 g5 28. Rxg5+ Nxg5 29. Qxg5+ Ng6 30. Rg4 Re6 31. Qh6 1-0

[Event "Asia-ch U20 rapid"]
[Site "Ulaanbaatar"]
[Date "2018.08.18"]
[Round "6"]
[White "Bulgankhan, Ganzorig"]
[Black "Ajigulov, Nurmat"]
[Result "1-0"]
[WhiteElo "2103"]
[BlackElo "1678"]
[PlyCount "69"]
[EventDate "2018.08.18"]
[EventType "swiss (rapid)"]
[EventRounds "9"]
[EventCountry "MGL"]
[SourceTitle "CBM 186 Extra"]
[Source "ChessBase"]
[SourceDate "2018.08.24"]
[SourceVersion "1"]
[SourceVersionDate "2018.08.24"]
[SourceQuality "1"]

1. d4 d5 2. c4 e6 3. Nf3 Nf6 4. g3 dxc4 5. Bg2 c5 6. 0-0 Nbd7 7. dxc5 Bxc5 8. Qa4 0-0 9. Qxc4 Qe7 10. Nc3 a6 11. a4 Nb6 12. Qh4 Nfd5 13. Qxe7 Bxe7 14. a5 Nxc3 15. bxc3 Nd5 16. c4 Nf6 17. Nd4 e5 18. Nb3 Be6 19. Nd2 e4 20. Rb1 Rab8 21. Bb2 Bb4 22. Nxe4 Nxe4 23. Bxe4 Bxa5 24. Be5 Rbd8 25. c5 Bd5 26. Bxd5 Rxd5 27. Bd6 Ra8 28. Rxb7 h6 29. Rfb1 Bc3 30. Rb8+ Rxb8 31. Rxb8+ Kh7 32. Rd8 Be5 33. Be7 Rxd8 34. Bxd8 Bb8 35. c6 1-0

[Event "Asia-ch U20 rapid"]
[Site "Ulaanbaatar"]
[Date "2018.08.18"]
[Round "2"]
[White "Bulgankhan, Ganzorig"]
[Black "Amartuvshin, Ganzorig"]
[Result "1-0"]
[WhiteElo "2103"]
[BlackElo "1727"]
[PlyCount "109"]
[EventDate "2018.08.18"]
[EventType "swiss (rapid)"]
[EventRounds "9"]
[EventCountry "MGL"]
[SourceTitle "CBM 186 Extra"]
[Source "ChessBase"]
[SourceDate "2018.08.24"]
[SourceVersion "1"]
[SourceVersionDate "2018.08.24"]
[SourceQuality "1"]

1. e4 c5 2. Nf3 e6 3. d4 cxd4 4. Nxd4 Nc6 5. Nc3 a6 6. g3 Qc7 7. Bg2 d6 8. 0-0 Bd7 9. Re1 Be7 10. Be3 Nf6 11. Qe2 0-0 12. Rad1 b5 13. a4 b4 14. Na2 Nxd4 15. Bxd4 e5 16. Be3 a5 17. b3 Bg4 18. f3 Be6 19. Bf2 Rac8 20. Rd2 Qc6 21. Qb5 Qxb5 22. axb5 Rb8 23. Bf1 Nd7 24. f4 f5 25. exf5 Bxf5 26. c4 Rfc8 27. Nc1 g5 28. fxg5 Nc5 29. Bxc5 Rxc5 30. h4 Bg6 31. Nd3 Bxd3 32. Bxd3 Bd8 33. Be4 Bb6 34. Kg2 Rd8 35. Bd5+ Kg7 36. h5 Rc7 37. Rf1 Be3 38. Ra2 Ra7 39. Rf5 Re8 40. Kf3 Bd4 41. Ke4 Kh8 42. g6 hxg6 43. hxg6 Kg7 44. Rf7+ Kxg6 45. Rxa7 Bxa7 46. Rxa5 Bc5 47. Ra8 Re7 48. Rg8+ Kh5 49. g4+ Kh4 50. g5 Ra7 51. g6 Kg5 52. g7 Kh6 53. b6 Rxg7 54. Rh8+ Rh7 55. Rd8 1-0

[Event "Asia-ch U20 rapid"]
[Site "Ulaanbaatar"]
[Date "2018.08.18"]
[Round "8"]
[White "Bulgankhan, Ganzorig"]
[Black "Amilal, Munkhdalai"]
[Result "1-0"]
[WhiteElo "2103"]
[BlackElo "1750"]
[PlyCount "34"]
[EventDate "2018.08.18"]
[EventType "swiss (rapid)"]
[EventRounds "9"]
[EventCountry "MGL"]
[SourceTitle "CBM 186 Extra"]
[Source "ChessBase"]
[SourceDate "2018.08.24"]
[SourceVersion "1"]
[SourceVersionDate "2018.08.24"]
[SourceQuality "1"]

1. d4 Nf6 2. c4 e6 3. Nf3 d5 4. Nc3 Bb4 5. Bf4 0-0 6. e3 a6 7. a3 Bxc3+ 8. bxc3 Nbd7 9. Bd3 dxc4 10. Bxc4 b5 11. Bd3 Bb7 12. 0-0 h6 13. a4 Bc6 14. axb5 axb5 15. Qb3 Nh5 16. Bg3 Nxg3 17. hxg3 Rxa1 1-0

[Event "Ulan-Ude Baikal op 13th"]
[Site "Ulan-Ude"]
[Date "2017.07.21"]
[Round "7"]
[White "Shoboev, Dandar"]
[Black "Bulgankhan, Ganzorig"]
[Result "1/2-1/2"]
[WhiteElo "2124"]
[BlackElo "2054"]
[PlyCount "40"]
[EventDate "2017.07.18"]
[EventType "swiss"]
[EventRounds "9"]
[EventCountry "RUS"]
[SourceTitle "EXT 2018"]
[Source "ChessBase"]
[SourceDate "2017.10.13"]
[SourceVersion "1"]
[SourceVersionDate "2017.10.13"]
[SourceQuality "1"]

1. d4 Nf6 2. Bf4 g6 3. Nf3 Bg7 4. e3 0-0 5. Be2 d6 6. 0-0 Nbd7 7. h3 c5 8. c3 a6 9. a4 b6 10. Nbd2 Bb7 11. Bh2 Rc8 12. Re1 d5 13. b4 Ne4 14. bxc5 Nxc3 15. Qb3 Nxe2+ 16. Rxe2 Nxc5 17. Qa2 Nd3 18. Qa3 e5 19. Qxd3 e4 20. Qb3 exf3 1/2-1/2

[Event "Ulan-Ude Baikal op 13th"]
[Site "Ulan-Ude"]
[Date "2017.07.19"]
[Round "3"]
[White "Ochirbat, Lkhagvajamts"]
[Black "Bulgankhan, Ganzorig"]
[Result "1/2-1/2"]
[WhiteElo "1830"]
[BlackElo "2054"]
[PlyCount "60"]
[EventDate "2017.07.18"]
[EventType "swiss"]
[EventRounds "9"]
[EventCountry "RUS"]
[SourceTitle "EXT 2018"]
[Source "ChessBase"]
[SourceDate "2017.10.13"]
[SourceVersion "1"]
[SourceVersionDate "2017.10.13"]
[SourceQuality "1"]

1. Nf3 Nf6 2. g3 g6 3. Bg2 Bg7 4. 0-0 0-0 5. d4 d6 6. c4 Nc6 7. Nc3 a6 8. e4 Rb8 9. Re1 Bg4 10. h3 Bxf3 11. Bxf3 Nd7 12. Be3 e5 13. d5 Nd4 14. Bg2 c5 15. dxc6 bxc6 16. b3 Nc5 17. Qd2 a5 18. Ne2 Nce6 19. Rab1 Qb6 20. Bxd4 exd4 21. h4 Qb4 22. Qc2 Nc5 23. Nf4 a4 24. Nd3 axb3 25. axb3 Qc3 26. Qxc3 dxc3 27. Nxc5 dxc5 28. e5 Rfd8 29. Bxc6 Rd2 30. Kf1 c2 1/2-1/2